000 01050nam a22003617a 4500
001 BR7302873
003 BR-BrBNA
005 20230928083935.0
007 ta
008 230509b bl.||||| |||| 00| 0 por d
040 _aBR-BrBNA
_bpor
_cBiblioteca Nacional de Agricultura
041 _a(Por)
072 _aF00; L00
_b/G514
_b/GZ74
090 _ F00 BR7302873
100 1 _aRafael, J.O.V.
110 1 _aEmpresa de Pesquisa Agropecuaria de Minas Gerais, Belo Horizonte (Brasil)
245 1 _aA EPAMIG no Triangulo Mineiro, Alto Paranaiba [Empresa de Pesquisa Agropecuaria de Minas Gerais, cerrado, Brasil]
260 3 _aUberaba, MG (Brasil):
_c[nd].
300 _a82 p.
500 _aPublisher after 1974
650 _aHORTICULTURA
650 _aFRUTICULTURA
650 _aOLERICULTURA
650 _aAVICULTURA
650 _aSUINOCULTURA
650 _aBOVINOCULTURA
650 _aSERICICULTURA
650 _aPASTAGEM
650 _aCERRADO
650 _aMINAS GERAIS
909 _a202309
_bLucia
_c55
_dLucia Elande
942 _cBK
999 _c15931
_d15931